Atlas EKG v kazuistikách /

Hlavní autor: Číhalík, Čestmír, 1949-
Další autoři: Táborský, Miloš, 1962-
Jazyk: Čeština
Vydáno: Praha : EEZY, 2024
Vydání: První vydání
Témata:
Fyzický popis: 333 stran : ilustrace (převážně barevné) ; 22 x 31 cm
Knihy
Uloženo v:
LEADER 02057cam a2200529 i 4500
001 nkc20243608720
003 CZ PrNK
005 20241210083056.0
007 ta
008 240520s2024 xr a f 001 0 cze d
015 |a cnb003608720 
020 |a 978-80-88506-27-0  |q (vázáno) :  |c Kč 999,00 
035 |a (OCoLC)1477951276 
040 |a KLG001  |b cze  |d OLA001  |d ABA001  |e rda 
072 7 |a 616  |x Patologie. Klinická medicína  |2 Konspekt  |9 14 
080 |a 616.12-073.7  |2 MRF 
080 |a 616-073  |2 MRF 
080 |a 616.1/.9-052-07/-08  |2 MRF 
080 |a (084.42)  |2 MRF 
100 1 |a Číhalík, Čestmír,  |d 1949-  |7 jo2010567813  |4 aut 
245 1 0 |a Atlas EKG v kazuistikách /  |c Čestmír Číhalík a Miloš Táborský 
246 3 |a Atlas elektrokardiografie v kazuistikách 
250 |a První vydání 
264 1 |a Praha :  |b EEZY,  |c 2024 
300 |a 333 stran :  |b ilustrace (převážně barevné) ;  |c 22 x 31 cm 
336 |a text  |b txt  |2 rdacontent 
336 |a statický obraz  |b sti  |2 rdacontent 
337 |a bez média  |b n  |2 rdamedia 
338 |a svazek  |b nc  |2 rdacarrier 
504 |a Obsahuje bibliografie a rejstříky 
650 0 7 |a elektrokardiografie  |7 ph134770  |2 czenas 
650 0 7 |a diagnostické zobrazovací metody  |7 ph134757  |2 czenas 
650 0 7 |a kazuistiky (lékařství)  |7 ph122501  |2 czenas 
650 0 9 |a electrocardiography  |2 eczenas 
650 0 9 |a diagnostic imaging methods  |2 eczenas 
650 0 9 |a casuistry (medicine)  |2 eczenas 
655 7 |a atlasy  |7 fd131835  |2 czenas 
655 9 |a atlases  |2 eczenas 
700 1 |a Táborský, Miloš,  |d 1962-  |7 jn20010310074  |4 aut 
910 2 |a BOA001  |b 4-1535.249 
920 |a 1618832  |z KLG001 
990 |a BK 
995 |a 01 
991 |b 202411  |c NOV 
996 6 |b 2610985698  |c 4-1535.249  |l MZK  |r Sklad / do 1 hodiny  |n 0  |p p.v.  |w 001984204  |u 000010  |a 1  |e BOA001  |j MZK50  |s P 
996 6 |b 2610986754  |c 4-1535.249  |l MZK  |r STM 6p  |n 0  |p kup  |h 616.1 ČÍH  |w 001984204  |u 000020  |a 0  |e BOA001  |j MZK50  |s P 
996 7 |b 2610986755  |c 4-1535.249  |l Vol.výběr  |r VV 1p  |n 6  |p kup  |h 616.1 ČÍH  |w 001984204  |u 000030  |a 0  |e BOA001  |j MZK50  |s A